<?xml version='1.0' encoding='UTF-8'?><?xml-stylesheet href='static/style.xsl' type='text/xsl'?><OAI-PMH xmlns="http://www.openarchives.org/OAI/2.0/" xmlns:xsi="http://www.w3.org/2001/XMLSchema-instance" xsi:schemaLocation="http://www.openarchives.org/OAI/2.0/ http://www.openarchives.org/OAI/2.0/OAI-PMH.xsd"><responseDate>2026-05-01T02:34:01Z</responseDate><request verb="GetRecord" identifier="oai:ebiltegia.mondragon.edu:20.500.11984/4932" metadataPrefix="marc">https://ebiltegia.mondragon.edu/oai/request</request><GetRecord><record><header><identifier>oai:ebiltegia.mondragon.edu:20.500.11984/4932</identifier><datestamp>2024-01-04T21:57:02Z</datestamp><setSpec>com_20.500.11984_1736</setSpec><setSpec>com_20.500.11984_1627</setSpec><setSpec>col_20.500.11984_1972</setSpec></header><metadata><record xmlns="http://www.loc.gov/MARC21/slim" xmlns:dcterms="http://purl.org/dc/terms/" xmlns:xsi="http://www.w3.org/2001/XMLSchema-instance" xmlns:doc="http://www.lyncode.com/xoai" xsi:schemaLocation="http://www.loc.gov/MARC21/slim http://www.loc.gov/standards/marcxml/schema/MARC21slim.xsd">
   <leader>00925njm 22002777a 4500</leader>
   <datafield ind2=" " ind1=" " tag="042">
      <subfield code="a">dc</subfield>
   </datafield>
   <datafield ind2=" " ind1=" " tag="720">
      <subfield code="a">Mondragon Unibertsitatea</subfield>
      <subfield code="e">author</subfield>
   </datafield>
   <datafield ind2=" " ind1=" " tag="260">
      <subfield code="c">2017-04-01</subfield>
   </datafield>
   <datafield ind2=" " ind1=" " tag="520">
      <subfield code="a">Ageda Kopla Taldeak egindako 'Beti bezperako koplak' animaziozko laburrak irabazi du Huhezinemako Sail Ofizialeko Goiena saria. 10. edizioko sari banaketa egin zen atzo, martxoak 31, Aretxabaletako Arkupe Aretoan. MONDRAGON UNIBERTSITATEko Ikus-entzunezko Komunikazioa Graduko 4. mailako ikasleek antolatzen dute Huhezinema Euskal Film Laburren Jaialdia.</subfield>
   </datafield>
   <datafield ind2=" " ind1=" " tag="520">
      <subfield code="a">El corto de animación 'Beti bezperako koplak' realizado por el colectivo Ageda Kopla Taldea ha ganado el Premio Goiena de la Sección Oficial de Huhezinema. El acto de entrega de premios de la 10ª edición del certamen llevo acabo ayer, día 31 de marzo, en la sala Arkupe de Aretxabaleta. El Festival de Cortos Vascos Huhezinema esta organizado por estudiantes de 4º curso del Grado de Comunicación Audiovisual de MONDRAGON UNIBERSITATEA.</subfield>
   </datafield>
   <datafield ind1="8" ind2=" " tag="024">
      <subfield code="a">https://hdl.handle.net/20.500.11984/4932</subfield>
   </datafield>
   <datafield tag="653" ind2=" " ind1=" ">
      <subfield code="a">Humanitate eta Hezkuntza Zientzien Fakultatea</subfield>
   </datafield>
   <datafield ind2="0" ind1="0" tag="245">
      <subfield code="a">'Beti bezperako koplak' animaziozko laburrak irabazi du Huhezinemako 10. edizioko sari nagusia</subfield>
   </datafield>
   <datafield ind2="0" ind1="0" tag="245">
      <subfield code="a">El corto de animación 'Beti bezperako koplak' gana la 10ª edición de Huhezinema</subfield>
   </datafield>
</record></metadata></record></GetRecord></OAI-PMH>